[Event "Avoine op 34th"]
[Site "Avoine"]
[Date "2019.07.20"]
[Round "4"]
[White "David, Alexandre"]
[Black "Besson, Bastien"]
[Result "1-0"]
[WhiteElo "2091"]
[BlackElo "2204"]
[PlyCount "117"]
[EventDate "2019.07.20"]
[EventType "swiss"]
[EventRounds "9"]
[EventCountry "FRA"]
[SourceTitle "EXT 2020"]
[Source "ChessBase"]
[SourceDate "2019.10.17"]
[SourceVersion "1"]
[SourceVersionDate "2019.10.17"]
[SourceQuality "1"]

1. d4 d6 2. Nf3 Nf6 3. g3 g6 4. Bg2 Bg7 5. 0-0 0-0 6. Nc3 Nbd7 7. a4 a5 8. h3 Re8 9. Be3 d5 10. Kh2 c6 11. Qd2 Nb6 12. b3 Ne4 13. Nxe4 dxe4 14. Ne5 f5 15. c4 Nd7 16. Nxd7 Bxd7 17. Rad1 Qb6 18. Qc2 h6 19. d5 c5 20. f3 exf3 21. exf3 f4 22. Bxf4 Bf5 23. Qa2 Qf6 24. Rfe1 e5 25. dxe6 Rxe6 26. Rxe6 Bxe6 27. Qd2 Ra6 28. Bc7 Qc3 29. Qxc3 Bxc3 30. f4 Bf5 31. Bxb7 Ra7 32. Rd8+ Kf7 33. Rb8 Be4 34. Bxe4 Rxc7 35. Rb6 Re7 36. Bxg6+ Kg7 37. Bh5 Re3 38. g4 Be1 39. f5 Bh4 40. Rg6+ Kh7 41. Ra6 Rxb3 42. Rxa5 Rb2+ 43. Kh1 Kg7 44. Rxc5 Kf6 45. Rb5 Ra2 46. Rb3 Rxa4 47. Rc3 Ke5 48. Bf7 Ra1+ 49. Kg2 Ra2+ 50. Kf1 Kd4 51. Rf3 Rd2 52. Bd5 Bf6 53. Rf4+ Kd3 54. c5 Rd1+ 55. Kg2 Rd2+ 56. Kf3 Rh2 57. Bc4+ Kc2 58. Bf1 Bd4 59. Rxd4 1-0

[Event "Avoine op 34th"]
[Site "Avoine"]
[Date "2019.07.20"]
[Round "1"]
[White "Eugene, Floryan"]
[Black "David, Alexandre"]
[Result "1-0"]
[WhiteElo "2300"]
[BlackElo "2091"]
[PlyCount "55"]
[EventDate "2019.07.20"]
[EventType "swiss"]
[EventRounds "9"]
[EventCountry "FRA"]
[SourceTitle "EXT 2020"]
[Source "ChessBase"]
[SourceDate "2019.10.17"]
[SourceVersion "1"]
[SourceVersionDate "2019.10.17"]
[SourceQuality "1"]

1. e4 e6 2. d4 d5 3. Nd2 Nf6 4. e5 Ng8 5. Ngf3 b6 6. c3 a5 7. Bd3 Ba6 8. Nf1 Bxd3 9. Qxd3 Nc6 10. Ng3 g6 11. h4 h5 12. Bg5 Be7 13. 0-0 Bxg5 14. Nxg5 Nge7 15. Qf3 Nf5 16. Nxf5 gxf5 17. Rfd1 Ne7 18. Rac1 a4 19. Nh3 Ng6 20. g3 b5 21. Qe2 c6 22. b3 Nxh4 23. gxh4 Qxh4 24. Kh2 Rg8 25. Rg1 Ke7 26. b4 Rg4 27. f3 Rag8 28. Qe1 1-0

[Event "Agneaux St Lo op 18th"]
[Site "Agneaux"]
[Date "2017.07.08"]
[Round "1.1"]
[White "Velten, Paul"]
[Black "David, Alexandre"]
[Result "1-0"]
[WhiteElo "2456"]
[BlackElo "2124"]
[PlyCount "89"]
[EventDate "2017.07.08"]
[EventType "swiss"]
[EventRounds "9"]
[EventCountry "FRA"]
[SourceTitle "EXT 2020"]
[Source "ChessBase"]
[SourceDate "2019.10.17"]
[SourceVersion "1"]
[SourceVersionDate "2019.10.17"]
[SourceQuality "1"]

1. Nf3 d5 2. d3 Bg4 3. Nbd2 Nd7 4. e4 Ne5 5. Be2 Nxf3+ 6. Bxf3 Bxf3 7. Qxf3 e6 8. 0-0 Nf6 9. Re1 Qd7 10. e5 Ng8 11. Nb3 c5 12. c4 d4 13. Na5 Rb8 14. b4 cxb4 15. Bb2 Bc5 16. Nb3 b6 17. Re4 f5 18. Rh4 Ne7 19. Qh3 Ng6 20. Rxh7 Kf7 21. Rxh8 Rxh8 22. Qg3 a5 23. Nd2 Nh4 24. f4 Qa4 25. Nb3 Ng6 26. Qf2 Rd8 27. g3 Qd7 28. Nd2 Ne7 29. Nf3 Nc6 30. Qg2 Be7 31. h4 g6 32. Kh2 Rh8 33. Qf2 Rd8 34. Rg1 Qe8 35. g4 Qh8 36. Rg2 Qh7 37. Kh3 fxg4+ 38. Rxg4 Qh5 39. Ng5+ Bxg5 40. fxg5+ Kg8 41. Qf6 Re8 42. Rf4 Qh7 43. h5 Nxe5 44. Qxe5 Qxh5+ 45. Kg2 1-0

[Event "Paris Apsap op 45th"]
[Site "Paris"]
[Date "2003.03.??"]
[Round "?"]
[White "Aparisi Arnandis, Bernardo"]
[Black "David, Alexandre"]
[Result "0-1"]
[WhiteElo "1430"]
[BlackElo "2197"]
[PlyCount "72"]
[EventDate "2003.03.??"]
[EventType "swiss"]
[EventRounds "7"]
[EventCountry "FRA"]
[SourceTitle "CBM 093 Extra"]
[Source "ChessBase"]
[SourceDate "2003.05.09"]
[SourceVersion "1"]
[SourceVersionDate "2003.05.09"]
[SourceQuality "1"]

1. e4 e6 2. d4 d5 3. Nc3 Nf6 4. e5 Nfd7 5. f4 c5 6. Nf3 Nc6 7. Be2 cxd4 8. Nxd4 Nxd4 9. Qxd4 Bc5 10. Qd3 0-0 11. Nb5 f6 12. exf6 Nxf6 13. Bd2 Ne4 14. Be3 Qh4+ 15. g3 Nxg3 16. 0-0-0 Bxe3+ 17. Qxe3 Nxh1 18. Rxh1 Qxf4 19. Qxf4 Rxf4 20. Nc7 Rb8 21. Kd2 Bd7 22. Ke3 Re4+ 23. Kd2 Rc8 24. Nb5 Rxe2+ 25. Kxe2 Bxb5+ 26. Ke3 Rxc2 27. b3 e5 28. a4 Rc3+ 29. Kd2 Rd3+ 30. Kc2 Ba6 31. Re1 e4 32. b4 b5 33. axb5 Bxb5 34. Rg1 Ba4+ 35. Kc1 Rd1+ 36. Kb2 Rxg1 0-1

[Event "FRA-chT2W 0203"]
[Site "France"]
[Date "2002.12.08"]
[Round "4"]
[White "Georgelin, Thierry"]
[Black "David, Alexandre"]
[Result "0-1"]
[WhiteElo "2140"]
[BlackElo "2197"]
[PlyCount "79"]
[EventDate "2002.10.??"]
[EventType "team"]
[EventRounds "11"]
[EventCountry "FRA"]
[SourceTitle "EXT 2004"]
[Source "ChessBase"]
[SourceDate "2003.11.25"]
[SourceVersion "1"]
[SourceVersionDate "2003.11.25"]
[SourceQuality "1"]
[WhiteTeam "Brest"]
[BlackTeam "Le Mans"]
[WhiteTeamCountry "FRA"]
[BlackTeamCountry "FRA"]

1. e4 e6 2. d4 d5 3. Nc3 Nf6 4. Bg5 Be7 5. Bxf6 Bxf6 6. e5 Be7 7. Nf3 c5 8. dxc5 Bxc5 9. Bd3 Qb6 10. 0-0 Bd7 11. Qd2 h6 12. a3 a5 13. Qf4 0-0 14. Ne2 Bb5 15. Qg4 Rc8 16. Nf4 Bxd3 17. cxd3 Bf8 18. Nxd5 Qb3 19. Nf4 Na6 20. d4 Qxb2 21. d5 exd5 22. Nxd5 Rc6 23. Rfb1 Rac8 24. Qf4 Qc2 25. g3 Rc4 26. Qe3 Bc5 27. Qe1 Qd3 28. Ne3 Bxe3 29. fxe3 Qe4 30. Nd2 Qxe5 31. Nxc4 Rxc4 32. Rc1 Re4 33. Qc3 Qe7 34. Qc8+ Kh7 35. Qc2 g6 36. Rf1 Rxe3 37. Qc4 f5 38. Rfd1 Re2 39. Qd3 Nc5 40. Qd4 0-1

[Event "FRA-chT2"]
[Site "France"]
[Date "2002.03.??"]
[Round "10.6"]
[White "Tranchant, Sebastien"]
[Black "David, Alexandre"]
[Result "1-0"]
[WhiteElo "2070"]
[BlackElo "2184"]
[PlyCount "83"]
[EventDate "2002.??.??"]
[EventType "team"]
[EventRounds "11"]
[EventCountry "FRA"]
[SourceTitle "EXT 2003"]
[Source "ChessBase"]
[SourceDate "2002.11.25"]
[SourceVersion "1"]
[SourceVersionDate "2002.11.25"]
[SourceQuality "1"]

1. e4 e6 2. d4 d5 3. Nc3 Nf6 4. e5 Nfd7 5. Nce2 c5 6. c3 Nc6 7. f4 b5 8. a3 b4 9. cxb4 cxb4 10. a4 Ba6 11. Nf3 Qb6 12. Ng3 Bxf1 13. Rxf1 g6 14. Kf2 h5 15. Kg1 h4 16. Ne2 Ne7 17. Be3 Nf5 18. Bf2 Rc8 19. Qd3 Be7 20. g4 hxg3 21. hxg3 a6 22. Kg2 Nb8 23. Rh1 Kd7 24. g4 Ng7 25. Bh4 Bxh4 26. Rxh4 Rxh4 27. Nxh4 Qc6 28. b3 Qc2 29. Rd1 Qxd3 30. Rxd3 Rc2 31. Kf2 Nc6 32. Nf3 Na5 33. Nd2 Ne8 34. Ke1 Ra2 35. Kd1 f5 36. Nc1 Rb2 37. gxf5 gxf5 38. Rh3 Nc7 39. Nd3 Rxd2+ 40. Kxd2 Nxb3+ 41. Ke3 a5 42. Rh1 1-0

[Event "Montpellier op-A"]
[Site "Montpellier"]
[Date "1997.??.??"]
[Round "?"]
[White "David, Alexandre"]
[Black "Djuric, Stefan"]
[Result "1/2-1/2"]
[WhiteElo "2460"]
[BlackElo "2545"]
[PlyCount "21"]
[EventDate "1997.??.??"]
[EventType "swiss"]
[EventRounds "9"]
[EventCountry "FRA"]
[SourceTitle "EXT 2003"]
[Source "ChessBase"]
[SourceDate "2002.11.25"]
[SourceVersion "1"]
[SourceVersionDate "2002.11.25"]
[SourceQuality "1"]

1. e4 e6 2. d4 d5 3. Nc3 Bb4 4. e5 c5 5. a3 Ba5 6. b4 cxd4 7. Nb5 Bc7 8. f4 Ne7 9. Nf3 Nbc6 10. Bd3 Bb8 11. 0-0 1/2-1/2

[Event "Montpellier op-A"]
[Site "Montpellier"]
[Date "1997.??.??"]
[Round "?"]
[White "David, Alexandre"]
[Black "Palac, Mladen"]
[Result "1/2-1/2"]
[WhiteElo "2460"]
[BlackElo "2575"]
[PlyCount "38"]
[EventDate "1997.??.??"]
[EventType "swiss"]
[EventRounds "9"]
[EventCountry "FRA"]
[SourceTitle "EXT 2003"]
[Source "ChessBase"]
[SourceDate "2002.11.25"]
[SourceVersion "1"]
[SourceVersionDate "2002.11.25"]
[SourceQuality "1"]

1. e4 c5 2. Nf3 d6 3. d4 cxd4 4. Qxd4 a6 5. c4 Nf6 6. Bg5 Nbd7 7. Nc3 e6 8. Be2 Qc7 9. 0-0 Be7 10. Rfd1 b6 11. Bh4 Bb7 12. Bg3 e5 13. Qe3 Nc5 14. Nd2 h5 15. h3 h4 16. Bh2 Ne6 17. Nf3 Nc5 18. Ng5 Ne6 19. Nf3 Nc5 1/2-1/2

[Event "Montpellier op-A"]
[Site "Montpellier"]
[Date "1997.??.??"]
[Round "?"]
[White "Shchekachev, Andrei"]
[Black "David, Alexandre"]
[Result "1/2-1/2"]
[WhiteElo "2510"]
[BlackElo "2460"]
[PlyCount "41"]
[EventDate "1997.??.??"]
[EventType "swiss"]
[EventRounds "9"]
[EventCountry "FRA"]
[SourceTitle "EXT 2003"]
[Source "ChessBase"]
[SourceDate "2002.11.25"]
[SourceVersion "1"]
[SourceVersionDate "2002.11.25"]
[SourceQuality "1"]

1. Nf3 Nf6 2. c4 g6 3. Nc3 Bg7 4. e4 d6 5. d4 0-0 6. Be2 e5 7. Be3 Ng4 8. Bg5 f6 9. Bh4 Nc6 10. d5 Ne7 11. Nd2 Nh6 12. f3 g5 13. Bf2 f5 14. h3 Ng6 15. g4 fxg4 16. hxg4 Nf4 17. Rh2 c5 18. Nf1 Qf6 19. Nd2 Nf7 20. Nf1 Nh6 21. Nd2 1/2-1/2